Barbados : First Review under the Extended Arrangement and Request for the Completion of the Financing Assurances Review and Modification of Performance Criteria.

First Review under the Extended Arrangement and Request for the Completion of the Financing Assurances Review and Modification of Performance Criteria - Press Release; Staff Report; and Statement by the Executive Director for Barbados.

Bibliografische gegevens
Coauteur: International Monetary Fund. Western Hemisphere Dept
Formaat: Tijdschrift
Taal:English
Gepubliceerd in: Washington, D.C. : International Monetary Fund, 2019.
Reeks:IMF Staff Country Reports; Country Report ; No. 2019/182
Online toegang:Full text available on IMF
LEADER 01412cas a2200241 a 4500
001 AALejournalIMF019448
008 230101c9999 xx r poo 0 0eng d
020 |c 5.00 USD 
020 |z 9781498321648 
022 |a 1934-7685 
040 |a BD-DhAAL  |c BD-DhAAL 
110 2 |a International Monetary Fund.  |b Western Hemisphere Dept. 
245 1 0 |a Barbados :   |b First Review under the Extended Arrangement and Request for the Completion of the Financing Assurances Review and Modification of Performance Criteria. 
264 1 |a Washington, D.C. :  |b International Monetary Fund,  |c 2019. 
300 |a 1 online resource (83 pages) 
490 1 |a IMF Staff Country Reports 
500 |a <strong>Off-Campus Access:</strong> No User ID or Password Required 
500 |a <strong>On-Campus Access:</strong> No User ID or Password Required 
506 |a Electronic access restricted to authorized BRAC University faculty, staff and students 
520 3 |a First Review under the Extended Arrangement and Request for the Completion of the Financing Assurances Review and Modification of Performance Criteria - Press Release; Staff Report; and Statement by the Executive Director for Barbados. 
538 |a Mode of access: Internet 
830 0 |a IMF Staff Country Reports; Country Report ;  |v No. 2019/182 
856 4 0 |z Full text available on IMF  |u http://elibrary.imf.org/view/journals/002/2019/182/002.2019.issue-182-en.xml  |z IMF e-Library